[Event "XLIV Memoriał Szachowy Ludwika Zamenhofa 2025, Grupa B"]
[Site "Bialystok, Poland"]
[Date "2025.12.31"]
[Round "9.14"]
[White "Businski, Jan"]
[Black "Kaminski, Jan"]
[Result "1-0"]
[TimeControl "90'+30\""]
[WhiteElo "1867"]
[BlackElo "1922"]

1. d4 {[%clk 01:30:58]} {[%emt 00:00:02]} Nf6 {[%clk 01:30:56]} {[%emt
00:00:03]} 2. c4 {[%clk 01:31:24]} {[%emt 00:00:06]} c6 {[%clk 01:31:16]}
{[%emt 00:00:08]} 3. Nf3 {[%clk 01:31:47]} {[%emt 00:00:07]} d5 {[%clk
01:31:39]} {[%emt 00:00:06]} 4. cxd5 {[%clk 01:32:15]} {[%emt 00:00:04]} cxd5
{[%clk 01:32:01]} {[%emt 00:00:08]} 5. Nc3 {[%clk 01:32:42]} {[%emt 00:00:03]}
Nc6 {[%clk 01:32:15]} {[%emt 00:00:15]} 6. Bf4 {[%clk 01:33:07]} {[%emt
00:00:05]} Bf5 {[%clk 01:32:16]} {[%emt 00:00:30]} 7. Qb3 {[%clk 01:33:32]}
{[%emt 00:00:05]} Na5 {[%clk 01:32:19]} {[%emt 00:00:27]} 8. Qa4+ {[%clk
01:34:00]} {[%emt 00:00:02]} Bd7 {[%clk 01:32:45]} {[%emt 00:00:04]} 9. Qc2
{[%clk 01:34:25]} {[%emt 00:00:05]} e6 {[%clk 01:32:51]} {[%emt 00:00:24]} 10.
e3 {[%clk 01:34:41]} {[%emt 00:00:14]} Be7 {[%clk 01:32:48]} {[%emt 00:00:32]}
11. Bd3 {[%clk 01:29:59]} {[%emt 00:05:13]} Rc8 {[%clk 01:31:27]} {[%emt
00:01:51]} 12. O-O {[%clk 01:29:36]} {[%emt 00:00:52]} O-O {[%clk 01:31:45]}
{[%emt 00:00:12]} 13. Qe2 {[%clk 01:29:18]} {[%emt 00:00:48]} a6 {[%clk
01:28:28]} {[%emt 00:03:48]} 14. Ne5 {[%clk 01:24:07]} {[%emt 00:05:41]} b5
{[%clk 01:19:15]} {[%emt 00:09:42]} 15. Rac1 {[%clk 01:09:28]} {[%emt
00:15:10]} Nc4 {[%clk 01:17:12]} {[%emt 00:02:32]} 16. a4 {[%clk 00:49:43]}
{[%emt 00:20:17]} b4 {[%clk 01:11:40]} {[%emt 00:06:01]} 17. Nb1 {[%clk
00:40:03]} {[%emt 00:10:09]} Bxa4 {[%clk 01:09:37]} {[%emt 00:02:34]} 18. Nxc4
{[%clk 00:40:25]} {[%emt 00:00:08]} dxc4 {[%clk 01:10:04]} {[%emt 00:00:03]} 19.
Bxc4 {[%clk 00:40:37]} {[%emt 00:00:19]} a5 {[%clk 01:02:16]} {[%emt 00:08:17]}
20. Ba6 {[%clk 00:34:51]} {[%emt 00:06:16]} Rxc1 {[%clk 01:00:11]} {[%emt
00:02:35]} 21. Rxc1 {[%clk 00:35:13]} {[%emt 00:00:08]} Nd5 {[%clk 00:59:51]}
{[%emt 00:00:49]} 22. Be5 {[%clk 00:35:17]} {[%emt 00:00:26]} Bd6 {[%clk
00:58:14]} {[%emt 00:02:06]} 23. Bxd6 {[%clk 00:31:44]} {[%emt 00:04:04]} Qxd6
{[%clk 00:58:36]} {[%emt 00:00:08]} 24. Bb5 {[%clk 00:31:34]} {[%emt 00:00:41]}
Bxb5 {[%clk 00:58:30]} {[%emt 00:00:36]} 25. Qxb5 {[%clk 00:31:58]} {[%emt
00:00:06]} Qb6 {[%clk 00:57:42]} {[%emt 00:01:17]} 26. Qxb6 {[%clk 00:25:42]}
{[%emt 00:06:47]} Nxb6 {[%clk 00:58:10]} {[%emt 00:00:02]} 27. Rc6 {[%clk
00:21:04]} {[%emt 00:05:09]} Rc8 {[%clk 00:56:34]} {[%emt 00:02:04]} 28. Rxc8+
{[%clk 00:18:32]} {[%emt 00:03:03]} Nxc8 {[%clk 00:56:59]} {[%emt 00:00:04]} 29.
Kf1 {[%clk 00:18:58]} {[%emt 00:00:04]} Kf8 {[%clk 00:57:20]} {[%emt 00:00:10]}
30. Ke2 {[%clk 00:19:20]} {[%emt 00:00:08]} Ke7 {[%clk 00:57:35]} {[%emt
00:00:15]} 31. Nd2 {[%clk 00:19:45]} {[%emt 00:00:05]} Nb6 {[%clk 00:50:47]}
{[%emt 00:07:18]} 32. Kd3 {[%clk 00:19:02]} {[%emt 00:01:13]} a4 {[%clk
00:49:52]} {[%emt 00:01:26]} 33. Nc4 {[%clk 00:18:42]} {[%emt 00:00:49]} Nd5
{[%clk 00:48:59]} {[%emt 00:01:23]} 34. g3 {[%clk 00:18:06]} {[%emt 00:01:07]}
Kd8 {[%clk 00:41:04]} {[%emt 00:08:22]} 35. e4 {[%clk 00:17:23]} {[%emt
00:01:14]} Nf6 {[%clk 00:41:27]} {[%emt 00:00:07]} 36. f3 {[%clk 00:17:43]}
{[%emt 00:00:10]} Kc7 {[%clk 00:41:48]} {[%emt 00:00:10]} 37. Ne5 {[%clk
00:18:09]} {[%emt 00:00:04]} Kb6 {[%clk 00:40:07]} {[%emt 00:02:12]} 38. Kc4
{[%clk 00:18:14]} {[%emt 00:00:24]} a3 {[%clk 00:40:11]} {[%emt 00:00:26]} 39.
bxa3 {[%clk 00:18:39]} {[%emt 00:00:05]} bxa3 {[%clk 00:40:38]} {[%emt
00:00:03]} 40. Kb3 {[%clk 00:19:04]} {[%emt 00:00:05]} Kb5 {[%clk 00:41:01]}
{[%emt 00:00:06]} 41. Kxa3 {[%clk 00:19:23]} {[%emt 00:00:12]} Ne8 {[%clk
00:40:52]} {[%emt 00:00:38]} 42. Kb3 {[%clk 00:19:11]} {[%emt 00:00:42]} f6
{[%clk 00:40:50]} {[%emt 00:00:33]} 43. Nd3 {[%clk 00:19:38]} {[%emt 00:00:03]}
Nc7 {[%clk 00:40:32]} {[%emt 00:00:46]} 44. Kc3 {[%clk 00:19:35]} {[%emt
00:00:35]} Kc6 {[%clk 00:38:05]} {[%emt 00:02:56]} 45. Kc4 {[%clk 00:19:45]}
{[%emt 00:00:20]} Kd6 {[%clk 00:37:23]} {[%emt 00:01:12]} 46. Nb4 {[%clk
00:18:44]} {[%emt 00:01:32]} Ne8 {[%clk 00:37:12]} {[%emt 00:00:40]} 47. Nc2
{[%clk 00:16:48]} {[%emt 00:02:27]} Nc7 {[%clk 00:37:25]} {[%emt 00:00:16]} 48.
Na3 {[%clk 00:17:03]} {[%emt 00:00:16]} Kc6 {[%clk 00:37:27]} {[%emt 00:00:28]}
49. f4 {[%clk 00:17:23]} {[%emt 00:00:10]} f5 {[%clk 00:36:50]} {[%emt
00:01:07]} 50. exf5 {[%clk 00:16:02]} {[%emt 00:01:51]} exf5 {[%clk 00:37:14]}
{[%emt 00:00:06]} 51. Nc2 {[%clk 00:16:29]} {[%emt 00:00:02]} Kd6 {[%clk
00:36:19]} {[%emt 00:01:25]} 52. Ne3 {[%clk 00:16:02]} {[%emt 00:00:58]} g6
{[%clk 00:35:49]} {[%emt 00:00:59]} 53. h3 {[%clk 00:16:04]} {[%emt 00:00:28]}
h6 {[%clk 00:32:48]} {[%emt 00:03:31]} 54. Kd3 {[%clk 00:15:10]} {[%emt
00:01:24]} Ne6 {[%clk 00:31:48]} {[%emt 00:01:31]} 55. Nc4+ {[%clk 00:14:15]}
{[%emt 00:01:25]} Kd5 {[%clk 00:31:09]} {[%emt 00:01:07]} 56. Nb6+ {[%clk
00:13:45]} {[%emt 00:01:02]} Kd6 {[%clk 00:29:48]} {[%emt 00:01:50]} 57. Nc8+
{[%clk 00:12:33]} {[%emt 00:01:43]} Kd7 {[%clk 00:29:53]} {[%emt 00:00:24]} 58.
Nb6+ {[%clk 00:12:47]} {[%emt 00:00:17]} Kd6 {[%clk 00:30:17]} {[%emt
00:00:04]} 59. Na4 {[%clk 00:12:19]} {[%emt 00:01:00]} Kd5 {[%clk 00:28:47]}
{[%emt 00:01:58]} 60. Nc3+ {[%clk 00:12:45]} {[%emt 00:00:06]} Kd6 {[%clk
00:29:06]} {[%emt 00:00:11]} 61. Kc4 {[%clk 00:12:24]} {[%emt 00:00:51]} g5
{[%clk 00:23:52]} {[%emt 00:05:43]} 62. d5 {[%clk 00:10:29]} {[%emt 00:02:26]}
Nc7 {[%clk 00:20:01]} {[%emt 00:04:20]} 63. Kd4 {[%clk 00:10:46]} {[%emt
00:00:14]} Ke7 {[%clk 00:16:35]} {[%emt 00:03:56]} 64. Ke5 {[%clk 00:10:56]}
{[%emt 00:00:20]} g4 {[%clk 00:16:56]} {[%emt 00:00:09]} 65. hxg4 {[%clk
00:11:14]} {[%emt 00:00:12]} fxg4 {[%clk 00:17:21]} {[%emt 00:00:05]} 66. d6+
{[%clk 00:11:41]} {[%emt 00:00:04]} 1-0

[Event "XLIV Memoriał Szachowy Ludwika Zamenhofa 2025, Grupa B"]
[Site "Bialystok, Poland"]
[Date "2025.12.31"]
[Round "9.15"]
[White "Kaminski, Maciej"]
[Black "Olejko, Wojciech"]
[Result "0-1"]
[TimeControl "90'+30\""]
[WhiteElo "1884"]
[BlackElo "1853"]

1. d4 {[%clk 01:15:23]} {[%emt 00:15:32]} Nf6 {[%clk 01:30:58]} {[%emt
00:00:07]} 2. c4 {[%clk 01:15:39]} {[%emt 00:00:14]} e6 {[%clk 01:31:26]}
{[%emt 00:00:02]} 3. g3 {[%clk 01:15:52]} {[%emt 00:00:18]} d5 {[%clk
01:31:49]} {[%emt 00:00:07]} 4. Nf3 {[%clk 01:16:15]} {[%emt 00:00:06]} Be7
{[%clk 01:32:16]} {[%emt 00:00:03]} 5. Bg2 {[%clk 01:16:35]} {[%emt 00:00:10]}
O-O {[%clk 01:32:38]} {[%emt 00:00:08]} 6. O-O {[%clk 01:16:58]} {[%emt
00:00:06]} c6 {[%clk 01:31:47]} {[%emt 00:01:23]} 7. Bf4 {[%clk 01:16:09]}
{[%emt 00:01:18]} a5 {[%clk 01:32:05]} {[%emt 00:00:13]} 8. b3 {[%clk
01:14:30]} {[%emt 00:02:09]} Nbd7 {[%clk 01:31:54]} {[%emt 00:00:40]} 9. Nbd2
{[%clk 01:11:51]} {[%emt 00:03:08]} b6 {[%clk 01:31:20]} {[%emt 00:01:05]} 10.
Qc2 {[%clk 01:10:46]} {[%emt 00:01:35]} Ba6 {[%clk 01:30:13]} {[%emt 00:01:35]}
11. Rfe1 {[%clk 01:07:35]} {[%emt 00:03:44]} Rc8 {[%clk 01:28:47]} {[%emt
00:01:55]} 12. e4 {[%clk 01:07:48]} {[%emt 00:00:18]} Nh5 {[%clk 01:23:59]}
{[%emt 00:05:17]} 13. Be3 {[%clk 01:04:39]} {[%emt 00:03:39]} Nhf6 {[%clk
01:23:39]} {[%emt 00:00:51]} 14. Rad1 {[%clk 01:01:28]} {[%emt 00:03:40]} h6
{[%clk 01:12:27]} {[%emt 00:11:42]} 15. h3 {[%clk 01:00:32]} {[%emt 00:01:26]}
Qc7 {[%clk 01:07:59]} {[%emt 00:04:57]} 16. Ne5 {[%clk 00:57:36]} {[%emt
00:03:27]} Rfd8 {[%clk 00:58:44]} {[%emt 00:09:44]} 17. cxd5 {[%clk 00:53:00]}
{[%emt 00:05:08]} cxd5 {[%clk 00:58:46]} {[%emt 00:00:28]} 18. Qxc7 {[%clk
00:51:17]} {[%emt 00:02:12]} Rxc7 {[%clk 00:59:14]} {[%emt 00:00:03]} 19. Nxd7
{[%clk 00:48:14]} {[%emt 00:03:32]} Rdxd7 {[%clk 00:58:21]} {[%emt 00:01:24]}
20. e5 {[%clk 00:48:36]} {[%emt 00:00:08]} Ne8 {[%clk 00:58:42]} {[%emt
00:00:09]} 21. Bf1 {[%clk 00:47:20]} {[%emt 00:01:46]} Bxf1 {[%clk 00:57:50]}
{[%emt 00:01:21]} 22. Nxf1 {[%clk 00:47:39]} {[%emt 00:00:11]} Rc2 {[%clk
00:56:08]} {[%emt 00:02:12]} 23. Rd2 {[%clk 00:47:46]} {[%emt 00:00:24]} Rdc7
{[%clk 00:55:53]} {[%emt 00:00:45]} 24. Ree2 {[%clk 00:47:45]} {[%emt
00:00:31]} Rxd2 {[%clk 00:56:09]} {[%emt 00:00:14]} 25. Rxd2 {[%clk 00:48:01]}
{[%emt 00:00:14]} Bb4 {[%clk 00:56:20]} {[%emt 00:00:19]} 26. Rb2 {[%clk
00:47:33]} {[%emt 00:00:58]} Rc6 {[%clk 00:56:09]} {[%emt 00:00:40]} 27. Kg2
{[%clk 00:47:02]} {[%emt 00:01:02]} Nc7 {[%clk 00:55:42]} {[%emt 00:00:55]} 28.
Kf3 {[%clk 00:46:03]} {[%emt 00:01:31]} Ba3 {[%clk 00:55:07]} {[%emt 00:01:04]}
29. Rd2 {[%clk 00:46:20]} {[%emt 00:00:14]} Na6 {[%clk 00:52:59]} {[%emt
00:02:36]} 30. Ke2 {[%clk 00:44:02]} {[%emt 00:02:50]} Nb4 {[%clk 00:52:33]}
{[%emt 00:00:55]} 31. f4 {[%clk 00:38:35]} {[%emt 00:05:57]} Bc1 {[%clk
00:47:44]} {[%emt 00:05:18]} 32. Rd1 {[%clk 00:39:03]} {[%emt 00:00:04]} Rc2+
{[%clk 00:47:36]} {[%emt 00:00:36]} 33. Kf3 {[%clk 00:38:59]} {[%emt 00:00:35]}
Nxa2 {[%clk 00:46:58]} {[%emt 00:01:09]} 34. g4 {[%clk 00:36:51]} {[%emt
00:02:38]} Rc3 {[%clk 00:45:07]} {[%emt 00:02:17]} 35. h4 {[%clk 00:35:13]}
{[%emt 00:02:12]} Rxb3 {[%clk 00:44:06]} {[%emt 00:01:30]} 36. h5 {[%clk
00:35:38]} {[%emt 00:00:05]} Rc3 {[%clk 00:43:44]} {[%emt 00:00:51]} 37. g5
{[%clk 00:35:29]} {[%emt 00:00:41]} Kh7 {[%clk 00:43:55]} {[%emt 00:00:19]} 38.
gxh6 {[%clk 00:35:37]} {[%emt 00:00:22]} gxh6 {[%clk 00:44:23]} {[%emt
00:00:02]} 39. f5 {[%clk 00:35:58]} {[%emt 00:00:09]} exf5 {[%clk 00:44:09]}
{[%emt 00:00:44]} 40. Kf4 {[%clk 00:36:26]} Bxe3+ {[%clk 00:42:13]} {[%emt
00:02:26]} 41. Nxe3 {[%clk 00:36:54]} {[%emt 00:00:03]} Nb4 {[%clk 00:42:30]}
{[%emt 00:00:11]} 42. Rg1 {[%clk 00:36:47]} {[%emt 00:00:39]} b5 {[%clk
00:41:01]} {[%emt 00:01:59]} 43. Nd1 {[%clk 00:28:01]} {[%emt 00:09:15]} Rd3
{[%clk 00:40:40]} {[%emt 00:00:49]} 44. Kxf5 {[%clk 00:28:20]} {[%emt
00:00:14]} Nc6 {[%clk 00:39:26]} {[%emt 00:01:44]} 45. e6 {[%clk 00:25:37]}
{[%emt 00:03:13]} Nxd4+ {[%clk 00:38:46]} {[%emt 00:01:10]} 46. Ke5 {[%clk
00:23:37]} {[%emt 00:02:30]} Nxe6 {[%clk 00:38:06]} {[%emt 00:01:10]} 47. Nf2
{[%clk 00:23:04]} {[%emt 00:01:03]} Re3+ {[%clk 00:36:46]} {[%emt 00:01:49]} 48.
Kxd5 {[%clk 00:23:26]} {[%emt 00:00:09]} Ng5 {[%clk 00:37:09]} {[%emt
00:00:04]} 49. Ng4 {[%clk 00:23:35]} {[%emt 00:00:23]} Rf3 {[%clk 00:36:19]}
{[%emt 00:01:17]} 50. Kd6 {[%clk 00:22:49]} {[%emt 00:01:20]} Rf4 {[%clk
00:34:19]} {[%emt 00:02:25]} 51. Ke7 {[%clk 00:22:55]} {[%emt 00:00:29]} Re4+
{[%clk 00:34:11]} {[%emt 00:00:33]} 52. Kf8 {[%clk 00:23:17]} {[%emt 00:00:13]}
Rf4 {[%clk 00:34:00]} {[%emt 00:00:36]} 53. Ne5 {[%clk 00:23:12]} {[%emt
00:00:39]} a4 {[%clk 00:32:54]} {[%emt 00:01:37]} 54. Nd3 {[%clk 00:19:50]}
{[%emt 00:03:52]} Rd4 {[%clk 00:32:59]} {[%emt 00:00:22]} 55. Ne5 {[%clk
00:20:18]} {[%emt 00:00:05]} a3 {[%clk 00:32:10]} {[%emt 00:01:14]} 56. Nf3
{[%clk 00:18:27]} {[%emt 00:02:26]} Ra4 {[%clk 00:31:20]} {[%emt 00:01:19]} 57.
Ne5 {[%clk 00:13:50]} {[%emt 00:05:08]} a2 {[%clk 00:31:12]} {[%emt 00:00:37]}
58. Ra1 {[%clk 00:14:19]} {[%emt 00:00:02]} b4 {[%clk 00:31:18]} {[%emt
00:00:25]} 59. Nd3 {[%clk 00:14:40]} {[%emt 00:00:08]} b3 {[%clk 00:31:41]}
{[%emt 00:00:06]} 60. Nb2 {[%clk 00:15:09]} {[%emt 00:00:02]} Ra8+ {[%clk
00:31:57]} {[%emt 00:00:09]} 61. Ke7 {[%clk 00:15:33]} {[%emt 00:00:11]} Ra7+
{[%clk 00:32:24]} {[%emt 00:00:04]} 62. Kf8 {[%clk 00:15:55]} {[%emt 00:00:07]}
Ne6+ {[%clk 00:32:34]} {[%emt 00:00:18]} 63. Ke8 {[%clk 00:16:23]} {[%emt
00:00:03]} Nd4 {[%clk 00:32:54]} {[%emt 00:00:09]} 64. Kf8 {[%clk 00:16:20]}
{[%emt 00:00:35]} Nc2 {[%clk 00:33:05]} {[%emt 00:00:18]} 65. Rg1 {[%clk
00:16:46]} {[%emt 00:00:04]} f5 {[%clk 00:33:24]} {[%emt 00:00:12]} 66. Nc4
{[%clk 00:14:49]} {[%emt 00:02:27]} a1=Q {[%clk 00:33:39]} {[%emt 00:00:14]} 67.
Ne5 {[%clk 00:15:12]} {[%emt 00:00:07]} Qxe5 {[%clk 00:33:18]} {[%emt
00:00:52]} 68. Rg7+ {[%clk 00:15:38]} {[%emt 00:00:04]} Qxg7+ {[%clk 00:33:41]}
{[%emt 00:00:07]} 0-1

[Event "XLIV Memoriał Szachowy Ludwika Zamenhofa 2025, Grupa B"]
[Site "Bialystok, Poland"]
[Date "2025.12.31"]
[Round "9.16"]
[White "Kicinska, Magdalena"]
[Black "Jaszczuk, Piotr"]
[Result "1/2-1/2"]
[TimeControl "90'+30\""]
[WhiteElo "1883"]
[BlackElo "1844"]

1. d4 {[%clk 01:30:56]} {[%emt 00:00:05]} Nf6 {[%clk 01:30:59]} 2. Nf3 {[%clk
01:31:19]} {[%emt 00:00:08]} g6 {[%clk 01:31:23]} {[%emt 00:00:05]} 3. c4
{[%clk 01:31:36]} {[%emt 00:00:13]} Bg7 {[%clk 01:31:45]} {[%emt 00:00:09]} 4.
g3 {[%clk 01:31:58]} {[%emt 00:00:08]} c5 {[%clk 01:31:59]} {[%emt 00:00:16]} 5.
d5 {[%clk 01:32:21]} {[%emt 00:00:07]} O-O {[%clk 01:29:46]} {[%emt 00:02:42]}
6. Nc3 {[%clk 01:31:28]} {[%emt 00:01:23]} d6 {[%clk 01:28:14]} {[%emt
00:02:02]} 7. Bg2 {[%clk 01:31:14]} {[%emt 00:00:44]} e6 {[%clk 01:28:27]}
{[%emt 00:00:17]} 8. O-O {[%clk 01:30:15]} {[%emt 00:01:28]} exd5 {[%clk
01:28:01]} {[%emt 00:00:57]} 9. cxd5 {[%clk 01:30:28]} {[%emt 00:00:17]} Re8
{[%clk 01:28:19]} {[%emt 00:00:12]} 10. Bf4 {[%clk 01:27:20]} {[%emt 00:03:38]}
a6 {[%clk 01:14:57]} {[%emt 00:13:53]} 11. a4 {[%clk 01:27:33]} {[%emt
00:00:16]} h6 {[%clk 01:11:50]} {[%emt 00:03:36]} 12. h4 {[%clk 01:20:44]}
{[%emt 00:07:20]} Bf5 {[%clk 01:08:45]} {[%emt 00:03:35]} 13. Qb3 {[%clk
01:11:52]} {[%emt 00:09:22]} Qc7 {[%clk 01:04:11]} {[%emt 00:05:04]} 14. Nd2
{[%clk 01:08:46]} {[%emt 00:03:35]} Nh5 {[%clk 00:57:42]} {[%emt 00:06:59]} 15.
e4 {[%clk 01:03:24]} {[%emt 00:05:53]} Nxf4 {[%clk 00:50:12]} {[%emt 00:08:00]}
16. gxf4 {[%clk 01:03:13]} {[%emt 00:00:41]} Bg4 {[%clk 00:47:30]} {[%emt
00:03:11]} 17. Nc4 {[%clk 01:00:35]} {[%emt 00:03:09]} Nd7 {[%clk 00:42:33]}
{[%emt 00:05:27]} 18. Rfe1 {[%clk 00:54:51]} {[%emt 00:06:14]} Rab8 {[%clk
00:35:50]} {[%emt 00:07:12]} 19. a5 {[%clk 00:53:01]} {[%emt 00:02:21]} b5
{[%clk 00:33:11]} {[%emt 00:03:08]} 20. axb6 {[%clk 00:52:14]} {[%emt
00:01:18]} Nxb6 {[%clk 00:33:24]} {[%emt 00:00:17]} 21. Ne3 {[%clk 00:40:42]}
{[%emt 00:12:02]} Bc8 {[%clk 00:30:59]} {[%emt 00:02:56]} 22. f5 {[%clk
00:35:16]} {[%emt 00:05:56]} Qe7 {[%clk 00:24:23]} {[%emt 00:07:05]} 23. fxg6
{[%clk 00:30:43]} {[%emt 00:05:04]} fxg6 {[%clk 00:23:19]} {[%emt 00:01:33]} 24.
h5 {[%clk 00:30:26]} {[%emt 00:00:47]} gxh5 {[%clk 00:20:47]} {[%emt 00:03:04]}
25. Nf5 {[%clk 00:29:05]} {[%emt 00:01:50]} Qg5 {[%clk 00:17:22]} {[%emt
00:03:55]} 26. Na4 {[%clk 00:27:02]} {[%emt 00:02:33]} Bxf5 {[%clk 00:14:38]}
{[%emt 00:03:13]} 27. exf5 {[%clk 00:26:55]} {[%emt 00:00:37]} Nxa4 {[%clk
00:13:05]} {[%emt 00:02:03]} 28. Qxa4 {[%clk 00:26:07]} {[%emt 00:01:18]} Rf8
{[%clk 00:07:31]} {[%emt 00:06:05]} 29. Qd7 {[%clk 00:24:14]} {[%emt 00:02:23]}
Qxf5 {[%clk 00:06:07]} {[%emt 00:01:54]} 30. Qxf5 {[%clk 00:24:35]} {[%emt
00:00:09]} Rxf5 {[%clk 00:06:30]} {[%emt 00:00:06]} 31. Rxa6 {[%clk 00:24:54]}
{[%emt 00:00:11]} Be5 {[%clk 00:06:47]} {[%emt 00:00:13]} 32. Re2 {[%clk
00:24:59]} {[%emt 00:00:26]} Rg5 {[%clk 00:03:33]} {[%emt 00:03:44]} 33. Kf1
{[%clk 00:24:17]} {[%emt 00:01:09]} Rf8 {[%clk 00:01:41]} {[%emt 00:02:24]} 34.
Ra7 {[%clk 00:23:14]} {[%emt 00:01:33]} Rg7 {[%clk 00:01:13]} {[%emt 00:00:58]}
35. Rxg7+ {[%clk 00:23:12]} {[%emt 00:00:32]} Kxg7 {[%clk 00:01:35]} {[%emt
00:00:09]} 36. b3 {[%clk 00:21:26]} {[%emt 00:02:16]} Ra8 {[%clk 00:01:48]}
{[%emt 00:00:17]} 37. Be4 {[%clk 00:18:27]} {[%emt 00:03:27]} Kf6 {[%clk
00:00:48]} {[%emt 00:01:31]} 38. Bd3 {[%clk 00:15:03]} {[%emt 00:03:53]} Kg5
{[%clk 00:00:44]} {[%emt 00:00:35]} 39. Kg2 {[%clk 00:15:14]} {[%emt 00:00:20]}
Rf8 {[%clk 00:00:47]} {[%emt 00:00:27]} 40. Re4 {[%clk 00:12:53]} {[%emt
00:02:50]} h4 {[%clk 00:00:46]} {[%emt 00:00:32]} 41. Re3 {[%clk 00:09:31]}
{[%emt 00:03:51]} Rf4 {[%clk 00:00:46]} {[%emt 00:00:31]} 42. Rf3 {[%clk
00:07:50]} {[%emt 00:02:10]} Rxf3 {[%clk 00:00:56]} {[%emt 00:00:21]} 43. Kxf3
{[%clk 00:08:13]} {[%emt 00:00:06]} h3 {[%clk 00:01:20]} {[%emt 00:00:06]} 44.
Be4 {[%clk 00:06:52]} {[%emt 00:01:50]} h2 {[%clk 00:01:38]} {[%emt 00:00:13]}
45. Kg2 {[%clk 00:07:13]} {[%emt 00:00:09]} Kf4 {[%clk 00:01:45]} {[%emt
00:00:24]} 46. Bd3 {[%clk 00:07:01]} {[%emt 00:00:41]} Kg4 {[%clk 00:01:57]}
{[%emt 00:00:19]} 1/2-1/2

[Event "XLIV Memoriał Szachowy Ludwika Zamenhofa 2025, Grupa B"]
[Site "Bialystok, Poland"]
[Date "2025.12.31"]
[Round "9.17"]
[White "Wnorowski, Wiktor"]
[Black "Kicinski, Jacek"]
[Result "1/2-1/2"]
[TimeControl "90'+30\""]
[WhiteElo "1838"]
[BlackElo "1878"]

1. d4 {[%clk 01:30:58]} {[%emt 00:00:01]} d5 {[%clk 01:30:36]} {[%emt
00:00:25]} 2. c4 {[%clk 01:31:22]} {[%emt 00:00:06]} c6 {[%clk 01:30:57]}
{[%emt 00:00:09]} 3. Nf3 {[%clk 01:31:44]} {[%emt 00:00:08]} Nf6 {[%clk
01:31:14]} {[%emt 00:00:12]} 4. e3 {[%clk 01:32:08]} {[%emt 00:00:05]} Bg4
{[%clk 01:29:38]} {[%emt 00:02:07]} 5. Bd3 {[%clk 01:32:07]} {[%emt 00:00:31]}
Nbd7 {[%clk 01:28:05]} {[%emt 00:02:03]} 6. Nbd2 {[%clk 01:26:46]} {[%emt
00:05:51]} e6 {[%clk 01:27:40]} {[%emt 00:00:55]} 7. h3 {[%clk 01:26:52]}
{[%emt 00:00:24]} Bh5 {[%clk 01:27:52]} {[%emt 00:00:18]} 8. O-O {[%clk
01:25:57]} {[%emt 00:01:25]} Bd6 {[%clk 01:27:51]} {[%emt 00:00:31]} 9. Qc2
{[%clk 01:25:45]} {[%emt 00:00:43]} O-O {[%clk 01:24:21]} {[%emt 00:03:59]} 10.
Rb1 {[%clk 01:20:52]} {[%emt 00:05:24]} e5 {[%clk 01:22:20]} {[%emt 00:02:30]}
11. dxe5 {[%clk 01:19:54]} {[%emt 00:01:29]} Nxe5 {[%clk 01:22:35]} {[%emt
00:00:14]} 12. Nxe5 {[%clk 01:18:30]} {[%emt 00:01:54]} Bxe5 {[%clk 01:23:00]}
{[%emt 00:00:06]} 13. b3 {[%clk 01:16:38]} {[%emt 00:02:22]} Bg6 {[%clk
01:19:54]} {[%emt 00:03:35]} 14. Bxg6 {[%clk 01:16:52]} {[%emt 00:00:16]} hxg6
{[%clk 01:20:14]} {[%emt 00:00:11]} 15. Nf3 {[%clk 01:17:06]} {[%emt 00:00:16]}
Bc7 {[%clk 01:18:46]} {[%emt 00:01:57]} 16. Ba3 {[%clk 01:16:07]} {[%emt
00:01:30]} Re8 {[%clk 01:12:20]} {[%emt 00:06:55]} 17. Rfd1 {[%clk 01:15:24]}
{[%emt 00:01:13]} Qc8 {[%clk 01:09:02]} {[%emt 00:03:48]} 18. Rbc1 {[%clk
01:13:44]} {[%emt 00:02:11]} Qe6 {[%clk 01:07:42]} {[%emt 00:01:49]} 19. Bb2
{[%clk 01:10:14]} {[%emt 00:04:00]} Rad8 {[%clk 01:03:59]} {[%emt 00:04:13]} 20.
Bd4 {[%clk 01:04:39]} {[%emt 00:06:05]} a6 {[%clk 00:55:25]} {[%emt 00:09:05]}
21. b4 {[%clk 00:56:00]} {[%emt 00:09:09]} dxc4 {[%clk 00:48:52]} {[%emt
00:07:03]} 22. Qxc4 {[%clk 00:56:16]} {[%emt 00:00:13]} Qxc4 {[%clk 00:41:48]}
{[%emt 00:07:34]} 23. Rxc4 {[%clk 00:56:37]} {[%emt 00:00:09]} Rd5 {[%clk
00:39:05]} {[%emt 00:03:13]} 24. Rb1 {[%clk 00:55:17]} {[%emt 00:01:50]} Ne4
{[%clk 00:37:07]} {[%emt 00:02:28]} 25. a4 {[%clk 00:50:44]} {[%emt 00:05:04]}
Re7 {[%clk 00:34:04]} {[%emt 00:03:31]} 26. Bc5 {[%clk 00:44:31]} {[%emt
00:06:44]} Red7 {[%clk 00:32:16]} {[%emt 00:02:18]} 27. g3 {[%clk 00:40:06]}
{[%emt 00:04:55]} Nxc5 {[%clk 00:25:58]} {[%emt 00:06:48]} 28. bxc5 {[%clk
00:38:54]} {[%emt 00:01:43]} Rd1+ {[%clk 00:26:17]} {[%emt 00:00:10]} 29. Rxd1
{[%clk 00:39:19]} {[%emt 00:00:05]} Rxd1+ {[%clk 00:26:43]} {[%emt 00:00:04]}
30. Kg2 {[%clk 00:39:43]} {[%emt 00:00:06]} Ba5 {[%clk 00:22:01]} {[%emt
00:05:12]} 31. Nd4 {[%clk 00:32:56]} {[%emt 00:07:17]} Rb1 {[%clk 00:22:11]}
{[%emt 00:00:20]} 32. Kf3 {[%clk 00:32:04]} {[%emt 00:01:22]} Rb2 {[%clk
00:22:29]} {[%emt 00:00:12]} 33. Nc2 {[%clk 00:31:21]} {[%emt 00:01:13]} Kf8
{[%clk 00:21:45]} {[%emt 00:01:14]} 34. g4 {[%clk 00:30:42]} {[%emt 00:01:09]}
Ke7 {[%clk 00:21:53]} {[%emt 00:00:22]} 35. Ke4 {[%clk 00:29:33]} {[%emt
00:01:38]} Ke6 {[%clk 00:21:28]} {[%emt 00:00:56]} 36. Nd4+ {[%clk 00:29:04]}
{[%emt 00:00:59]} Ke7 {[%clk 00:21:36]} {[%emt 00:00:21]} 37. f4 {[%clk
00:28:10]} {[%emt 00:01:25]} 1/2-1/2